Eco-town report (Record no. 109821)
[ view plain ]
| 000 -LEADER | |
|---|---|
| fixed length control field | 01602cad a22002295a 4500 |
| 001 - CONTROL NUMBER | |
| control field | L147975 |
| 008 - FIXED-LENGTH DATA ELEMENTS--GENERAL INFORMATION | |
| fixed length control field | 090708s2009 xxkao f 000 0 eng d |
| 035 ## - SYSTEM CONTROL NUMBER | |
| System control number | (Sirsi) u147975 |
| 041 0# - LANGUAGE CODE | |
| Language code of text/sound track or separate title | eng |
| 050 04 - LIBRARY OF CONGRESS CALL NUMBER | |
| Classification number | 333.72 $2 218 |
| 110 2# - MAIN ENTRY--CORPORATE NAME | |
| Corporate name or jurisdiction name as entry element | Homes and Communities Agency |
| Subordinate unit | Homes and Communities Academy |
| 9 (RLIN) | 5681 |
| 245 00 - TITLE STATEMENT | |
| Title | Eco-town report |
| Remainder of title | learning from Europe on eco-towns |
| Medium | [electronic resource] |
| 260 ## - PUBLICATION, DISTRIBUTION, ETC. | |
| Place of publication, distribution, etc. | [Leeds] |
| Name of publisher, distributor, etc. | HCA Academy |
| Date of publication, distribution, etc. | 2009 |
| 505 2# - FORMATTED CONTENTS NOTE | |
| Formatted contents note | Executive summary -- Introduction: learning from Europe on eco-towns -- The context: the context eco-cities and eco-towns -- The challenges: the objectives for eco-towns -- Case studies: the case studies and the key steps -- Learning: learning from the case studies -- Skills: developing new skills for eco-communities -- Conclusions: investment, recommendations |
| 520 ## - SUMMARY, ETC. | |
| Summary, etc. | Examines the most advanced eco-towns from European countries as well as Dongtan in China. Draws conclusions on what should be best practice for the British Eco-town programme. Recommends: promoting more European exchanges; developing eco-town city management programmes as well as key themes and projects; supporting workshops; building on European and international best practice; setting up an Eco-town Learning Capacity Building Programme. |
| 521 ## - TARGET AUDIENCE NOTE | |
| Target audience note | Advanced |
| 590 ## - LOCAL NOTE (RLIN) | |
| Local note | KA NTK |
| 651 #4 - SUBJECT ADDED ENTRY--GEOGRAPHIC NAME | |
| Geographic name | United Kingdom |
| Chronological subdivision | |
| 690 ## - LOCAL SUBJECT ADDED ENTRY--TOPICAL TERM (OCLC, RLIN) | |
| Topical term or geographic name as entry element | ENVIRONMENTAL AND LAND CONSULTANCY-SUSTAINABILITY-SUSTAINABLE DEVELOPMENT |
| 856 40 - ELECTRONIC LOCATION AND ACCESS | |
| Uniform Resource Identifier | <a href="https://showcase.hcaacademy.co.uk/files/general/eco-town-report.pdf">https://showcase.hcaacademy.co.uk/files/general/eco-town-report.pdf</a> |
| Public note | View the report free of charge at showcase.hcaacademy.co.uk... |
| 942 ## - ADDED ENTRY ELEMENTS (KOHA) | |
| Suppress in OPAC | 0 |
| Withdrawn status | Lost status | Source of classification or shelving scheme | Damaged status | Not for loan | Home library | Current library | Shelving location | Date acquired | Total Checkouts | Full call number | Barcode | Date last seen | Copy number | Price effective from | Koha item type |
|---|---|---|---|---|---|---|---|---|---|---|---|---|---|---|---|
| Dewey Decimal Classification | Virtual | Virtual | Online | 08/07/2009 | ONLINE PUBLICATION | 147975-2001 | 06/08/2019 | 1 | 06/08/2019 | Book |